| 000 | 01250nam a2200325 a 4500 | ||
|---|---|---|---|
| 001 | ebr10237051 | ||
| 003 | CaPaEBR | ||
| 006 | m u | ||
| 007 | cr cn||||||||| | ||
| 008 | 060321s2006 ohua s 001 0 eng d | ||
| 010 | _z 2006924353 | ||
| 020 | _z1932802142 | ||
| 024 | 3 | _a9781932802146 | |
| 040 |
_aCaPaEBR _cCaPaEBR |
||
| 035 | _a(OCoLC)568040230 | ||
| 050 | 1 | 4 | _aMLCM 2006/41038 (T)eb |
| 082 | 0 | 4 |
_a005.5 _222 |
| 100 | 1 |
_aVerschuuren, G. M. N. _q(Geert M. N.) |
|
| 245 | 1 | 0 |
_aFrom VBA to VSTO _h[electronic resource] : _bis Excel's new engine for you? / _cby Gerard M. Verschuuren. |
| 260 |
_aUniontown, Ohio : _bHoly Macro Books, _cc2006. |
||
| 300 |
_a[viii], 211 p. : _bill. |
||
| 500 | _aIncludes index. | ||
| 533 |
_aElectronic reproduction. _bPalo Alto, Calif. : _cebrary, _d2013. _nAvailable via World Wide Web. _nAccess may be limited to ebrary affiliated libraries. |
||
| 630 | 0 | 0 | _aMicrosoft Excel (Computer file) |
| 630 | 0 | 0 | _aMicrosoft Visual Basic for applications. |
| 630 | 0 | 0 | _aMicrosoft Visual studio. |
| 655 | 7 |
_aElectronic books. _2local |
|
| 710 | 2 | _aebrary, Inc. | |
| 856 | 4 | 0 |
_uhttp://site.ebrary.com/lib/rucke/Doc?id=10237051 _zAn electronic book accessible through the World Wide Web; click to view |
| 999 |
_c151897 _d151897 |
||